000 00916pam a2200265 a 4500
999 _c2081
_d2081
003 OSt
005 20210706091848.0
008 980824s1999 maua 001 0 eng
020 _a0205291236
040 _cALUPE UNIVERSITY
050 0 0 _aRC86
_b.H339 1999
100 1 _aHafen, Brent Q.
245 1 0 _aFirst aid for colleges and universities /
_cBrent Q. Hafen, Keith J. Karren, Kathryn J. Frandsen.
250 _a7th ed.
260 _aBoston :
_bAllyn and Bacon,
_cc1999.
300 _axvii, 518 p. :
_bcol. ill. ;
_c28 cm.
500 _aIncludes index.
650 0 _aFirst aid in illness and injury.
650 0 _aEmergency medicine.
700 1 _aKarren, Keith J.
700 1 _aFrandsen, Kathryn J.
906 _a7
_bcbc
_corignew
_d1
_eocip
_f19
_gy-gencatlg
942 _2lcc
_cBK
_nPW